Penksa jól érzi magát

Bibliographic Details
Main Author: Penksa, Pavol, 1985- (Author)
Format: Article
Language:Hungarian
PhysicalDescription:Fotogr.
ISSN:1335-7050
Subjects:

MARC

LEADER 00000nab a2200000 a 4500
001 vtls010583623
003 SK-MaSNL
005 20260319071050.0
008 140318c20140318xo d| | 000 0|2hun
015 |a SNBRB2014/03 
038 |a DSZK 
040 |a DSZK  |b slo  |c DSZK  |e AACR2 
041 0 |a hun 
044 |a xo  |c SK 
080 |a 796.332.071.2  |2 2001 
245 0 0 |a Penksa jól érzi magát  |c [szerző] (bt), Pavol Penksa 
300 |b Fotogr. 
600 1 7 |a Penksa, Pavol,  |d 1985-  |2 dszk  |9 1092934 
610 2 7 |a FK DAC 1904 Dunajská Streda  |2 dszk  |9 117991 
650 0 7 |a futbalisti  |2 SNKPH  |9 43771 
651 7 |a Dunajská Streda (Slovensko)  |2 SNKPHgeo  |9 17375 
700 1 |a Penksa, Pavol,  |d 1985-  |4 ive  |4 aut  |9 1092934 
773 0 |t Új szó  |g Évf. 67, sz. 64 (2014.3.18), o. 17  |x 1335-7050 
852 |a DSZK  |b KIS3GCP 
958 |a HU 
958 |a SK 
999 |c 1796113  |d 1798043